Diary of a loving heart

Guardat en:
Dades bibliogràfiques
Autor principal: Bacher, June Masters
Format: Llibre
Idioma:Undetermined
Publicat: Eugen, Oregon Harvest House 1984
Matèries:
Etiquetes: Afegir etiqueta
Sense etiquetes, Sigues el primer a etiquetar aquest registre!
Thư viện lưu trữ: Trung tâm Học liệu Trường Đại học Cần Thơ
LEADER 00524nam a2200193Ia 4500
001 CTU_43767
008 210402s9999 xx 000 0 und d
020 |c 42.57 
082 |a 813.54 
082 |b B122 
100 |a Bacher, June Masters 
245 0 |a Diary of a loving heart 
245 0 |c June Masters Bacher 
260 |a Eugen, Oregon 
260 |b Harvest House 
260 |c 1984 
650 |a American fiction,Christian fiction 
904 |i Minh, 011009 
980 |a Trung tâm Học liệu Trường Đại học Cần Thơ